000 00520nam a22001817a 4500
003 CEME
005 20210628202928.0
008 210119b xxu||||| |||| 00| 0 eng d
020 _a81-7808-062-1
040 _c,
082 _a658.5 BIR
100 _aBirley, Sue, Muzyka, Daniel .F
_962354
245 _aMastering enterprise, your single source guide to becoming an entrepreneur.
260 _aNEW DELHI
_bPEARSON EDUCATION
_c2005
300 _aXV,383 P
650 _aMASTERING ENTERPRISE
_962355
942 _cBK
_2ddc
999 _c571487
_d571487